| 000 | 00670nam a22002177a 4500 | ||
|---|---|---|---|
| 999 |
_c11221 _d11221 |
||
| 003 | AR-CdUCM | ||
| 008 | 190403b ||||| |||| 00| 0 spa d | ||
| 040 |
_aMUNICIPALIDAD PROVINCIAL DEL CUSCO _cBIBLIOTECA MUNICIPAL DEL CUSCO |
||
| 082 |
_aC / 869.56 / _bL26 |
||
| 100 |
_aLarrea Blanes, Federico _923208 |
||
| 245 | _aMies del Hombre / | ||
| 260 |
_aCusco : _bEl Sol, _c1952. |
||
| 300 |
_a75 páginas ; _bilustraciones, _c22 cm. |
||
| 505 | _aContenido: Poesías. | ||
| 650 |
_aSiglo XX _98 |
||
| 650 |
_aLiteratura _983 |
||
| 650 |
_aPoesía Cusqueña _92323 |
||
| 700 |
_aMendizábal Losak, Emilo (ilustraciones) _928471 |
||
| 942 |
_2ddc _cLIBROS |
||
| 945 | _aachl | ||